000 00633nam a22001457a 4500
020 _a978-81-291-4989-3
082 _a823
_bBON/O
100 _aBOND, RUSKIN
245 _aOWLS IN THE FAMILY
260 _aDELHI
_bRUPA PUBLICATIONS
_c2018
300 _a107
520 _aThe Owls in the Family is a short story by Ruskin Bond in which he reminisces his childhood memories of petting two owlets with his grandparents The story is a happy account which makes us cherish the love and affection our grandparents have for us along with the warmth of having a pet in this case two owls
650 _aCHILDREN STORY BOOK
_zINDIA
942 _cBK
999 _c2779
_d2779